Culture générale ! Une image... Un des... (3) - Statistiques

Statistiques générales
  • Ce quiz a été pris 146 fois
  • Le résultat moyen est 8 sur 20
Statistiques - réponses
Par images Hint Réponse % Correct
Planètes du système solaire Mars
93%
notes de musique la
86%
épreuves du triathlon Cyclisme
85%
points cardinaux Nord
82%
Instruments à cordes Contrebasse
69%
poètes français du XIXe siècle Arthur Rimbaud
65%
pays commençant par un V Vietnam
65%
capitales d'une nation du Royaume-Uni Cardiff
55%
beatles John Lennon
51%
départements franciliens Yvelines
43%
évangélistes Jean
23%
Sous-préfectures de la Seine-Maritime Le Havre
22%
merveilles du monde antique mausolée d'Halicarnasse
13%
présidents de la IVe République Vincent Auriol
12%
collines de Rome Capitole
9%
Peintres naïfs Henri Rousseau
7%
présidents américains assassinés James Garfield
3%
femmes d'Henri VIII d'Angleterre Catherine d'Aragon
2%
Races de chien Pointer
2%
Prix Nobel français de chimie Henri Moissan
0%
Aucun quiz correspondant
Distribution des résultats
% des personnes avec chaque résultat
Percentile par nombre de réponses
Votre historique - résultats
Vous n’avez pas pris ce quiz